[Event "2018 Spring Chess Classic B"]
[Site "Saint Louis"]
[Date "2018.03.13"]
[Round "8"]
[White "Gorovets, Andrey"]
[Black "Liang, Awonder"]
[Result "1/2-1/2"]
[WhiteElo "2496"]
[BlackElo "2570"]
[Annotator "TA"]
[PlyCount "66"]
[EventDate "2018.??.??"]
[EventType "tourn"]
[EventCountry "USA"]
[SourceTitle "playchess.com"]
[Source "ChessBase"]
[SourceQuality "1"]

{[%evp 15,66,7,16,-34,-12,-37,-24,-20,27,20,48,0,41,36,36,38,30,27,46,38,42,47,68,71,87,47,50,50,71,70,59,51,56,69,75,56,62,0,0,0,0,0,0,0,0,0,0,-13,-15,-17,-23,-39,-8]} 1. d4 Nf6 2. Bf4 c5 3. e3 g6 4. Nf3 Bg7 5. Nbd2 O-O 6. c3 d6 {[%cal Bd7d6,Bd6d5][%mdl 32]} 7. h3 Qb6 {A48: 1 d4 Nf6 2 Nf3 g6: Torre, London and Colle Systems} (7... cxd4 8. exd4 Nc6 9. Be2 Nd5 10. Bh2 e5 11. O-O Re8 12. Nc4 Bf5 13. dxe5 dxe5 14. Qb3 e4 15. Rad1 exf3 16. Bxf3 Be6 17. Qxb7 {0-1 (37) Mareco,S (2632)-Xu,X (2545) Moscow 2018}) 8. Qb3 Be6 {LiveBook: 12 Games} 9. Qa3 cxd4 10. exd4 Qc6 $146 ({Predecessor:} 10... Nc6 11. Be2 a5 12. O-O Rfc8 13. Rac1 Nd5 14. Bg3 Bh6 15. Rfe1 Nf4 16. Bf1 Bd5 17. Rcd1 {½-½ (17) Soos,B (2365)-Lisanti,A (2245) Hessen 1992}) 11. c4 d5 {[%cal Rd5c4]} 12. c5 ({Much worse is} 12. Qxe7 dxc4 13. Be2 Re8 $17) 12... Ne4 13. Be2 Qc8 14. Qe3 $36 {[%mdl 2048] White is pushing.} Nc6 15. O-O Rd8 16. Rac1 Bf5 17. Rfd1 f6 18. Bh6 g5 19. Bxg7 Kxg7 20. Bd3 {[%cal Rd2e4]} Nxd2 21. Rxd2 Qe6 22. Bxf5 Qxf5 23. b4 {[%cal Bb2b4,Bb4b5][%mdl 32] Black must now prevent b5.} a6 24. a4 Re8 25. b5 Na5 26. Qd3 ({White should play} 26. Rdc2 $14) 26... Qxd3 $11 27. Rxd3 axb5 28. axb5 Nc4 29. Nd2 Nxd2 30. Rxd2 Ra4 31. c6 bxc6 32. Rxc6 Rb4 33. Rb6 Kf7 {Precision: White = 71%, Black = 50%.} 1/2-1/2

[Event "2018 Spring Chess Classic B"]
[Site "Saint Louis"]
[Date "2018.03.13"]
[Round "8"]
[White "Chandra, Akshat"]
[Black "Ali Marandi, Cemil Can"]
[Result "1/2-1/2"]
[WhiteElo "2490"]
[BlackElo "2538"]
[Annotator "TA"]
[PlyCount "45"]
[EventDate "2018.??.??"]
[EventType "tourn"]
[EventCountry "USA"]
[SourceTitle "playchess.com"]
[Source "ChessBase"]
[SourceQuality "1"]

{[%evp 18,45,101,61,67,65,67,50,48,44,52,59,52,34,34,33,52,31,30,8,7,0,0,0,0,0,0,-2,0,0]} 1. e4 b6 2. d4 Bb7 3. Bd3 g6 4. c4 Bg7 5. Nf3 e6 (5... d6 6. Nc3 Nd7 7. Qe2 e6 8. Bg5 Ne7 9. h4 h6 10. Be3 a6 11. Qd2 Nf6 12. d5 Ng4 {0-1 (73) Preotu,R (2488)-Ipatov,A (2659) Columbus 2017}) 6. Nc3 {B00: Queen's Fianchetto Defence, Nimzowitsch Defence} Ne7 7. O-O d6 8. Be3 Nd7 9. Qd2 h6 10. b4 {LiveBook: 4 Games} g5 11. d5 O-O $146 ({Predecessor:} 11... e5 12. c5 dxc5 13. bxc5 Nxc5 14. Bxc5 bxc5 {1-0 (66) Ramesh,R (2482)-Singh,D (2303) Chennai 2010}) 12. Nd4 c5 13. dxc6 Nxc6 14. Nxc6 Bxc6 15. Rac1 Ne5 16. Be2 Ng6 17. Nb5 Be5 18. Rfd1 Qe7 {The position is equal.} 19. Nc3 Rad8 20. Bd4 Bf4 21. Be3 Be5 22. Bd4 Bf4 23. Be3 {Precision: White = 24%, Black = 100%.} 1/2-1/2

[Event "2018 Spring Chess Classic B"]
[Site "Saint Louis"]
[Date "2018.03.13"]
[Round "8"]
[White "Grabinsky, Aaron"]
[Black "Mikhalevski, Victor"]
[Result "0-1"]
[WhiteElo "2375"]
[BlackElo "2557"]
[Annotator "TA"]
[PlyCount "128"]
[EventDate "2018.??.??"]
[EventType "tourn"]
[EventCountry "USA"]
[SourceTitle "playchess.com"]
[Source "ChessBase"]
[SourceQuality "1"]

{[%evp 20,128,27,29,45,46,41,40,43,48,56,46,50,43,48,44,55,47,51,49,63,16,66,44,64,63,70,68,139,118,171,167,176,168,184,133,185,200,190,-6,-6,-5,-5,-5,-12,0,0,-2,0,0,0,-7,15,0,41,51,65,42,57,65,69,16,16,0,28,-105,-102,-144,-144,-144,-144,-144,-144,-144,-152,-149,-140,-145,-143,-143,-143,-147,0,-151,-83,-189,-166,-162,-152,-434,-506,-470,-458,-787,-786,-772,-772,-702,-656,-1234,-1240,-1164,-1006,-1203,-1212,-1029,-1021,-1427,-1015,-922,-930]} 1. e4 e5 2. Nf3 Nc6 3. Bc4 Nf6 4. d3 h6 5. O-O d6 6. c3 Be7 7. Re1 O-O 8. Bb3 Nh7 9. Nbd2 {[%cal Bb1d2,Bd2f1,Bf1e3][%mdl 32]} Ng5 {C55: Two Knights: 4 d3, 4 d4 exd4 5 e5 and Max Lange Attack} 10. Nxg5 Bxg5 11. Nf1 {LiveBook: 10 Games} g6 {White has an edge.} 12. Bxg5 hxg5 13. Ne3 Kg7 14. d4 {[#]} f6 $146 ({Predecessor:} 14... Bd7 15. Ba4 Rb8 16. h3 b5 17. Bb3 {0-1 (74) Barua,D (2555)-Yurtaev,L (2536) Guntur 2000}) 15. Qd2 Bd7 16. f3 a5 17. a4 Qb8 18. Kh1 Rh8 19. Bc4 {[%cal Bb3c4,Bc4b5,Bb5d7][%mdl 32]} Rh7 20. h3 Qa7 {[%cal Re5d4]} 21. Bb5 exd4 22. cxd4 Bxh3 23. gxh3 Nxd4 (23... Rxh3+ $14 24. Kg2 Rah8) 24. Kg2 $16 Rah8 (24... Ne6 $16) 25. Bd7 $18 Nb3 26. Qf2 Qa6 27. f4 (27. Qc2 $18 Nc5 28. Bg4) 27... Nxa1 (27... g4 $16 {was worth a try.}) 28. fxg5 Rf8 {...Qd3 is the strong threat.} ({Don't go for} 28... fxg5 $2 29. Ng4 $18) 29. Rxa1 $2 ({White must play} 29. Bb5 $18 Qa8 30. Rxa1) 29... Qd3 $1 $36 {[%mdl 2048] Black fights for an advantage.} 30. Re1 fxg5 31. Qc2 Qxc2+ 32. Nxc2 Rf4 33. Bg4 Kh6 34. Bf3 Rhf7 35. Re3 Re7 36. Rb3 c6 (36... d5 $5) 37. Ne3 {[%mdl 1024] White has compensation.} Kg7 38. Rc3 {[#]} d5 $1 {[%mdl 512]} 39. exd5 Rxa4 40. dxc6 ({White should try} 40. d6 $14 Rd7 41. Rd3) 40... bxc6 41. Bxc6 Ra2 42. Nc4 (42. Nd1 $11) 42... Rc7 $17 43. Nd6 Rxb2+ 44. Kg3 Rb8 $1 {White must now prevent ...a4!} 45. Rc4 Kh6 46. Nb5 Rcc8 47. Nd6 Rb3+ 48. Kg2 {[#]} Rc7 $1 49. Ne8 Rb2+ 50. Kg3 Rb3+ 51. Kg2 $1 {[#]} Re7 (51... Rf7 $142 $1 52. Rc2 Rf4) 52. Rc2 (52. Nf6 $17 Re2+ 53. Kf1) 52... Ree3 $19 53. Bd7 Rbd3 54. Bb5 $2 (54. Kf2 $17) 54... Rg3+ {Black is clearly winning.} 55. Kf2 Rdf3+ 56. Ke2 (56. Ke1 $142 Rxh3 57. Bd7) 56... Rxh3 57. Bd7 Rh2+ 58. Kxf3 Rxc2 59. Nf6 Rc4 60. Ng4+ Kh5 61. Ne3 Rf4+ 62. Kg3 a4 63. Nd5 Rd4 64. Nf6+ Kh6 {Precision: White = 54%, Black = 60%.} 0-1

[Event "2018 Spring Chess Classic B"]
[Site "Saint Louis"]
[Date "2018.03.14"]
[Round "9"]
[White "Liang, Awonder"]
[Black "Chandra, Akshat"]
[Result "1/2-1/2"]
[WhiteElo "2570"]
[BlackElo "2490"]
[Annotator "TA"]
[PlyCount "60"]
[EventDate "2018.??.??"]
[EventType "tourn"]
[EventCountry "USA"]
[SourceTitle "playchess.com"]
[Source "ChessBase"]
[SourceQuality "1"]

{[%evp 9,60,-11,4,0,25,12,35,28,32,0,0,0,0,0,0,-20,0,0,0,-46,-50,-48,-41,-110,-42,-85,-56,-57,-49,-61,-49,-132,-44,-39,-39,-39,-37,-46,-30,-49,-33,-42,-42,-42,-11,-44,-45,-42,0,0,0,0,0]} 1. Nf3 d5 2. g3 Nd7 3. Bg2 e5 4. O-O (4. d3 Ngf6 5. O-O c6 6. c4 dxc4 7. dxc4 Be7 8. Nc3 O-O 9. Qc2 Qc7 10. Rd1 Re8 11. a3 a5 12. Rb1 h6 13. h3 Nb6 14. b3 a4 15. Nxa4 Nxa4 16. bxa4 e4 17. Bf4 Qa5 18. Nd2 Qxa4 19. Rb3 Bf5 {1-0 (50) Svidler,P (2760)-Morozevich,A (2665) Moscow 2018}) 4... Bd6 5. c4 d4 $146 ({Predecessor:} 5... dxc4 6. Qa4 Ngf6 7. Na3 Bxa3 8. bxa3 O-O 9. Qxc4 c6 10. d3 Qe7 {1-0 (27) Krutko,A (2420)-Shumilov,K (2119) Izhevsk 2014}) 6. e3 {A07: Réti Opening: New York and Capablanca Systems} dxe3 7. fxe3 Ngf6 8. d4 {Black must now prevent c5.White is slightly better.} c6 9. Nh4 O-O 10. Nc3 Re8 11. c5 Be7 12. b4 exd4 13. exd4 Nf8 14. Nf5 Bxf5 $1 15. Rxf5 Qd7 16. Qd3 (16. Bh3 $15) 16... a5 (16... Ne6 $17 {Strongly threatening ...a5.} 17. Be3 Ng4) 17. b5 Rad8 18. bxc6 bxc6 19. Bb2 Ne6 20. d5 (20. Na4 $15) 20... cxd5 ({Black should play} 20... Rb8 $17 21. Rb1 Bxc5+ 22. Kh1 Qd8) 21. Nxd5 $15 {[%cal Rb2f6]} Bxc5+ 22. Kh1 Nxd5 23. Rxd5 Qc7 24. Rc1 Qb6 {[#] ...Rxd5 is the strong threat.} 25. Ba1 Rxd5 26. Bxd5 Bd4 27. Qb3 Qxb3 28. axb3 Bxa1 29. Rxa1 Nc7 30. Rxa5 Nxd5 {Precision: White = 29%, Black = 50%.} 1/2-1/2

[Event "2018 Spring Chess Classic B"]
[Site "Saint Louis"]
[Date "2018.03.14"]
[Round "9"]
[White "Mikhalevski, Victor"]
[Black "Fier, Alexandr"]
[Result "1-0"]
[WhiteElo "2557"]
[BlackElo "2582"]
[Annotator "TA"]
[PlyCount "71"]
[EventDate "2018.??.??"]
[EventType "tourn"]
[EventCountry "USA"]
[SourceTitle "playchess.com"]
[Source "ChessBase"]
[SourceQuality "1"]

{[%evp 27,71,15,0,-59,-63,-70,-56,-88,0,0,-10,-33,30,28,29,23,96,102,90,87,154,37,18,25,397,370,405,385,362,389,389,372,364,80,541,90,968,917,1097,903,29986,29987,29987,29987,29987,29981]} 1. d4 Nf6 2. Nf3 e6 3. c4 d5 4. g3 Bb4+ 5. Bd2 Be7 6. Bg2 O-O 7. O-O c6 8. Qc2 Nbd7 9. Bf4 b6 10. Rd1 Ba6 {E08: Closed Catalan: Main Line: 7 Qc2} (10... Bb7 11. Ne5 Nh5 12. Bd2 Nhf6 13. cxd5 cxd5 14. Nc6 Bxc6 15. Qxc6 a6 16. a4 Rc8 17. Qb7 Nb8 18. Na3 Qc7 19. Qxc7 Rxc7 {½-½ (52) Cheparinov,I (2710)-Kuzubov,Y (2699) Riadh 2017}) 11. Ne5 Rc8 12. cxd5 Nxd5 13. Nxc6 Nb4 14. Qa4 Nxc6 {LiveBook: 6 Games} 15. Qxa6 (15. Bxc6 $11 Bxe2 16. Rc1) 15... Nc5 $1 $15 {[%cal Rc5a6]} 16. Qc4 {aiming for Bxc6.} Na5 $1 {[%cal Ra5c4]} 17. Qc3 Ncb3 $146 (17... Na4 $1 $17 {[%cal Ra4c3]} 18. Qe1 Nxb2) ({Predecessor:} 17... Na4 18. Qf3 Nxb2 {1-0 (45) Gledura,B (2550)-Keymer,V (2352) Bad Ragaz 2016}) 18. axb3 $11 Rxc3 19. bxc3 Qd7 ({Black should try} 19... g5 $1 $15 20. Be3 Qc7) 20. Nd2 Rc8 21. b4 Nc4 (21... g5 $11) 22. Nxc4 $16 Rxc4 23. d5 Rxc3 (23... Rc8 $142) 24. Bh3 (24. dxe6 $1 $16 Qxe6 25. Bd5) 24... f5 $1 $14 {[#]} ({But not} 24... Bxb4 $2 25. dxe6 Qe7 26. Rd7 $18) 25. e4 $1 $36 {[%mdl 2560] Hoping for dxe6. Black is under pressure.} Qe8 $2 {[%mdl 8192]} (25... g5 $1 $11 26. dxe6 Qxe6 27. Bxf5 Qf6) (25... fxe4 26. Bxe6+) 26. dxe6 $18 fxe4 27. Rxa7 Rd3 28. Rxd3 exd3 29. Bg2 $1 g5 30. Be3 $2 (30. Bd2 $18 {and the rest is easy.}) 30... g4 $2 {[%mdl 8192]} (30... Qh5 $16 {is tougher.}) 31. Bh6 $2 (31. Ra8 $18 Bd8 32. Bg5 $1 {[%mdl 512]}) 31... Bxb4 $2 {[%mdl 8192] [#]} (31... Bf8 $16 32. Ra8 Qxa8 33. Bxa8 Bxh6) 32. Bd5 $1 ({Less strong is} 32. Ra8 Qxa8 33. Bxa8 d2 $16) 32... Bd6 33. Ra8 Bb8 34. e7+ {White mates.} Kh8 {[#]} 35. Bf7 $1 {[%mdl 512]} d2 (35... Qxf7 36. Rxb8+) 36. Bxd2 {Precision: White = 40%, Black = 21%.} ({Stronger than} 36. Bxe8 d1=Q+ 37. Kg2 Qf3+ 38. Kg1 Qd1+ 39. Kg2 Qd5+ 40. Kg1 Qd1+ $11) 1-0

[Event "2018 Spring Chess Classic B"]
[Site "Saint Louis"]
[Date "2018.03.14"]
[Round "9"]
[White "Ali Marandi, Cemil Can"]
[Black "Grabinsky, Aaron"]
[Result "1-0"]
[WhiteElo "2538"]
[BlackElo "2375"]
[Annotator "TA"]
[PlyCount "105"]
[EventDate "2018.??.??"]
[EventType "tourn"]
[EventCountry "USA"]
[SourceTitle "playchess.com"]
[Source "ChessBase"]
[SourceQuality "1"]

{[%evp 24,105,21,21,27,16,24,-16,-12,-12,-9,-11,-6,-8,0,-19,-13,-21,-18,-21,-21,-32,-32,-32,-35,-73,-85,-83,-79,-106,-41,-39,-47,-51,-42,-56,-39,-43,0,-103,-38,-23,0,0,0,0,0,0,0,-8,0,0,0,-34,-28,-38,147,134,159,133,113,111,121,98,2324,2488,2207,2121,12830,1632,12832,12833,12833,12833,12834,12834,12835,12835,12836,12836,12841,12841,12841,12842]} 1. Nf3 Nf6 2. d4 e6 3. Bf4 c5 4. e3 b6 5. Bd3 Bb7 6. h3 Be7 7. c3 O-O 8. Nbd2 d6 9. Qe2 {A47: 1 d4 Nf6 2 Nf3 b6: Torre, London and Colle Systems} (9. O-O Nc6 10. Bh2 Re8 11. a3 Bf8 12. Qe2 g6 13. Rfd1 a6 14. e4 d5 15. e5 Nd7 16. Bf4 b5 17. Qe3 Rc8 {0-1 (48) Grachev,B (2645)-Fedoseev,V (2733) Sochi 2017}) 9... cxd4 10. exd4 Nbd7 11. Bh2 Re8 12. O-O Qc7 13. Rfe1 {LiveBook: 5 Games} Bf8 14. Rad1 a6 15. Ne4 (15. a4 {feels hotter.} Qc6 16. Bc2 g6 17. Ra1 Rac8 18. Qf1) 15... Nxe4 16. Bxe4 Bxe4 17. Qxe4 Nf6 18. Qd3 b5 {[#]} 19. Nd2 $146 ({Predecessor:} 19. Ng5) 19... Qb7 20. Re2 a5 21. Rde1 Rec8 22. Bg3 d5 23. Bh4 Ne8 24. Nf3 b4 25. Ng5 {[%csl Gg5][%cal Rd3h7]} Nf6 26. Re3 h6 ({Black should try} 26... a4 $17 27. R3e2 a3 28. cxb4 Bxb4) 27. Nxe6 $1 $15 fxe6 28. Bxf6 $1 gxf6 29. Rxe6 bxc3 30. bxc3 Qf7 31. f4 (31. Qf5 $11 Re8 32. Rxe8 (32. Qxd5 $2 Ra6 $19) 32... Rxe8 33. Rxe8 Qxe8 34. Qxd5+ Kg7 35. Kf1) 31... Ra7 (31... Kg7 $17) 32. Qf5 Kg7 33. R1e3 Qg6 34. Qxd5 Kh8 35. f5 $36 {[%mdl 2048] White has good play.} Qf7 36. a4 Bg7 37. Qb5 Qd7 38. Qe2 Rac7 ({Wrong is} 38... Qxa4 $2 39. Re8+ Rxe8 40. Rxe8+ Kh7 41. Qh5 $18 (41. Qe6 h5 $18)) 39. Re8+ Rxe8 $2 (39... Bf8 $1 $15) 40. Rxe8+ $16 Kh7 41. Qh5 {[%csl Gf5][%cal Rh5g6]} Qf7 42. Qxf7 Rxf7 {[%mdl 4096] Endgame KRB-KR} 43. c4 {[%cal Bc3c4,Bc4c5][%mdl 32]} Rf8 $2 {[%mdl 8192] [#]} (43... Rd7 $16) 44. Rxf8 $1 $18 {White is clearly winning.} Bxf8 {KB-KP} 45. c5 Kg8 46. Kf2 (46. g4 $142 Kf7 47. Kf2) 46... Kf7 47. g4 Ke7 48. Ke2 Kd7 {[#]} 49. Kd3 $1 {[%cal Rd3c4]} Be7 50. Kc4 Bd8 51. d5 {[%cal Bd4d5,Bd5d6][%mdl 32]} Kc7 52. Kb5 Kd7 53. d6 {Precision: White = 55%, Black = 42%.} 1-0

[Event "2018 Spring Chess Classic B"]
[Site "Saint Louis"]
[Date "2018.03.14"]
[Round "9"]
[White "Khachiyan, Melikset"]
[Black "Gorovets, Andrey"]
[Result "0-1"]
[WhiteElo "2525"]
[BlackElo "2496"]
[Annotator "TA"]
[PlyCount "56"]
[EventDate "2018.??.??"]
[EventType "tourn"]
[EventCountry "USA"]
[SourceTitle "playchess.com"]
[Source "ChessBase"]
[SourceQuality "1"]

{[%evp 21,56,79,86,-132,-61,-164,134,0,0,-737,-754,-757,-747,-864,-845,-810,-804,-1566,-1359,-1506,-1418,-1423,-1402,-1759,-1707,-2194,-1232,-1356,-1306,-2473,-2494,-29989,-29990,-29991,-29991,-29991,-29991]} 1. e4 {[%cal Be2e4,Be4e5][%mdl 32]} c6 2. d4 d5 3. e5 Bf5 4. Nc3 e6 5. g4 Bg6 6. Nge2 c5 7. h4 cxd4 8. Nxd4 h5 9. f4 hxg4 10. Bb5+ Nd7 11. f5 Rxh4 {LiveBook: 35 Games} 12. O-O $2 {B12: Caro-Kann: Advance Variation} (12. Rf1 $1 $16 {stays on course.} exf5 13. e6 fxe6 14. Nxe6) 12... exf5 $1 $17 {Hoping for ...Bc5.} 13. Nxd5 {[#] Threatens to win with e6.} a6 $146 {[#]} (13... Bc5 $1 $19 {Strongly threatening ...a6.} 14. b4 a6 15. bxc5 axb5 16. Nxb5 Kf8) ({Predecessor:} 13... Bc5 14. b4 a6 15. bxc5 axb5 16. Nxb5 Kf8 17. Ndc7 Rc8 18. Qd6+ Qe7 19. Bg5 Qxd6 20. cxd6 {1-0 (32) Kantsurak,F (2486)-Sanchez Rodenas,J (2339) Russia 2002}) 14. Bg5 $1 {[%mdl 512]} Qxg5 $11 15. Ne6 $2 {[%mdl 8192]} (15. Nc7+ $11 Ke7 16. Bxd7) 15... fxe6 $19 (15... Rh1+ 16. Kxh1 Qh4+ 17. Kg1 $11) 16. Bxd7+ Kd8 {[%cal Be8d8,Bd8e7,Be7f7][%mdl 32]} 17. Nf4 Bc5+ 18. Kg2 Ke7 19. Ba4 Be8 20. Qd2 Kf7 ({Not} 20... Bxa4 {[#]} 21. Nd5+ $1 {[%mdl 512]} Kf8 22. Qxg5 $18) 21. Bxe8+ Rxe8 22. Qc3 b6 23. b4 Bf8 24. Rad1 Qh6 25. Qc6 Bxb4 {( -> ...Rh2+)} 26. Nd3 Ne7 {Black mates.} 27. Qb7 Rh2+ 28. Kg1 Qh3 0-1

[Event "2018 Spring Chess Classic B"]
[Site "Saint Louis"]
[Date "2018.03.14"]
[Round "9"]
[White "Shtembuliak, Evgeny"]
[Black "Kannappan, Priyadharshan"]
[Result "1-0"]
[WhiteElo "2507"]
[BlackElo "2513"]
[Annotator "TA"]
[PlyCount "117"]
[EventDate "2018.??.??"]
[EventType "tourn"]
[EventCountry "USA"]
[SourceTitle "playchess.com"]
[Source "ChessBase"]
[SourceQuality "1"]

{[%evp 21,117,39,45,22,59,24,32,33,53,30,31,37,55,0,26,20,102,89,154,166,169,154,185,146,139,132,132,148,144,150,139,141,192,164,220,206,219,218,210,195,202,189,333,347,335,329,314,303,262,127,406,385,504,0,374,229,397,375,8069,6540,6436,5522,2605,2529,5631,12795,11560,5906,11589,11589,7884,10532,29954,7013,5181,9991,29967,10702,29969,29970,29969,29971,29970,29969,29970,29971,29971,29973,29973,29974,29974,29975,29980,29981,29968,29969,29982,29983]} 1. Nf3 c5 2. e4 Nc6 3. Bb5 g6 4. O-O Bg7 5. c3 Nf6 6. Re1 O-O 7. h3 a6 8. Bxc6 bxc6 9. d4 {B31: Sicilian: 2...Nc6 3 Bb5 g6} cxd4 (9... d5 10. e5 Ne4 11. Nbd2 cxd4 12. cxd4 c5 13. dxc5 Nxc5 14. Qc2 Qb6 15. Nb3 Nxb3 16. Qxb3 Qxb3 17. axb3 {½-½ (44) Atabayev,M (2512)-Boros,D (2441) Budapest 2017}) 10. cxd4 d6 11. Nc3 Rb8 {LiveBook: 5 Games} 12. b3 Nd7 13. Be3 Bb7 $146 ({Predecessor:} 13... Qa5 14. Rc1 Bb7 15. Bd2 Rfe8 16. Nd5 Qd8 17. Ne3 c5 {1-0 (65) Herrmann,H (2149)-Fassbender,A (2133) GER email 2006}) 14. Rc1 Rc8 15. Qd2 Re8 16. Bh6 Bh8 17. Ng5 (17. Na4 $14) 17... e6 18. f4 Qb6 (18... c5 $11) 19. e5 $1 $16 {[%cal Be4e5,Be5f6][%mdl 32]} c5 (19... dxe5 $142 20. fxe5 c5) 20. Nce4 f6 21. dxc5 Nxc5 22. Qxd6 Rc6 23. Nxf6+ ({Reject} 23. Qd4 $6 fxe5 24. fxe5 Bxe5 $11) 23... Bxf6 {[#]} 24. exf6 $1 $40 {[%mdl 640] Intending f7+ and mate. Black is in trouble.} Ne4+ 25. Qc5 $1 Qxc5+ 26. Rxc5 {White wants to mate with f7+.} Nxg5 {[#]} (26... Nxf6 $16 {keeps fighting.} 27. Rxc6 Bxc6) 27. Rxc6 $1 $18 Nxh3+ (27... Bxc6 $142 28. fxg5 (28. Bxg5 Kf7 $16) 28... Kf7) 28. gxh3 {[%cal Bg2h3,Bh3h4][%mdl 32] Threatening mate with Rc7.} Bxc6 $16 {[%mdl 4096] Endgame KRB-KRB} 29. Rc1 Rc8 30. Kf2 Kf7 {[#]} 31. Bg7 $1 Bb7 (31... h6 $142 32. Bxh6 Bb7 33. Rxc8 Bxc8) 32. Rxc8 $18 Bxc8 {KB-KB} 33. h4 Bb7 34. Ke3 Bd5 35. Kd4 h5 $2 {[%mdl 8192]} (35... Bf3 $16) 36. Kc5 Be4 37. Kd4 $2 (37. b4 $18 {And now a4 would win.} Bc2 38. b5 axb5 39. Kxb5) 37... Bb1 $2 {[%mdl 8192]} (37... Bd5 $11 {and Black has nothing to worry.}) 38. a3 Bc2 $2 (38... Bf5 39. b4 Ke8) 39. b4 g5 $2 (39... Bb3 40. Kc5 Ba4) 40. fxg5 Bb3 41. Ke5 Bc2 42. Bh6 Bb3 43. g6+ Kxg6 44. Be3 Kf7 45. Bd4 Ba4 46. Kd6 Be8 47. Bc3 (47. Be5 $142 Ba4 48. Kc7 Bb5 49. Kb6 Bf1 50. a4 Ke8 51. b5 axb5 52. axb5) 47... Bb5 48. Kc5 Ke8 49. Kb6 (49. Be5 $142 Ba4 50. Kb6 Bb5 51. a4 Bf1 52. Kc5 Bd3 53. b5 axb5 54. axb5) 49... Kd7 50. Be5 {White mates.} Be2 51. a4 {[%cal Ba3a4,Ba4b5][%mdl 32]} Bd3 52. Ka5 Be2 53. b5 axb5 54. axb5 Bf3 55. Kb6 Be2 56. Kc5 Bf3 57. Bd6 Ke8 58. Kb6 Kf7 59. Be5 {Precision: White = 79%, Black = 25%.} 1-0